000 00335nam a22001457a 4500
008 221107b ||||| |||| 00| 0 eng d
020 _a2740362285315
041 _aeng
080 _2SECOND EDITION
_a610.73
082 _a610.73JOE
100 _a8
101 _aINF
245 _aADVANCED PRACTICE NURSING
_cJOEL L
942 _2udc
_cBK
999 _c58772
_d58772